[Event "Xtracon Chess Open 2017"]
[Site "Helsingor DEN"]
[Date "2017.07.29"]
[Round "9.139"]
[White "Kristiansen, Snorre"]
[Black "Maselli, Daniel"]
[Result "1/2-1/2"]
[WhiteElo "1699"]
[BlackElo "1914"]
[WhiteFideId "1530011"]
[BlackFideId "2814140"]
[EventDate "2017.07.22"]

1. e4 c5 2. Nf3 d6 3. d4 cxd4 4. Nxd4 Nf6 5. Nc3 g6 6. Be3 Bg7 7. f3 O-O 8. Qd2
Nc6 9. Bc4 Bd7 10. Bb3 Rc8 11. g4 h5 12. g5 Nh7 13. h4 Na5 14. O-O-O Nxb3+ 15.
axb3 Qa5 16. Kb1 Rfe8 17. Nde2 Be6 18. Bd4 Nf8 19. Bxg7 Kxg7 20. Nd4 a6 21. f4
Bg4 22. Rdf1 Nd7 23. f5 Qe5 24. Rf4 Qa5 25. f6+ exf6 26. gxf6+ Kh7 27. Nf3 Bxf3
28. Rxf3 Re6 29. Rd3 Nxf6 30. Rxd6 Nxe4 31. Nxe4 Qxd2 32. Rxd2 Rxe4 33. Rd7 Kg7
34. Rxb7 Re2 35. Rf1 Rcxc2 36. Rfxf7+ Kg8 37. Rg7+ Kh8 38. Rh7+ Kg8 39. Rhg7+
Kh8 40. Rh7+ 1/2-1/2

[Event "Xtracon Chess Open 2017"]
[Site "Helsingor DEN"]
[Date "2017.07.29"]
[Round "9.140"]
[White "Werner, Jakob"]
[Black "Stuhlmann, Alexander"]
[Result "1-0"]
[WhiteElo "1690"]
[BlackElo "1895"]
[WhiteFideId "1426850"]
[BlackFideId "12969788"]
[EventDate "2017.07.22"]

1. d4 d6 2. e4 Nf6 3. Nc3 e5 4. Bc4 exd4 5. Qxd4 Nc6 6. Qd1 Be7 7. Nge2 O-O 8.
O-O a6 9. Nf4 Ne5 10. Bb3 c6 11. Nd3 b5 12. a4 Nxd3 13. cxd3 b4 14. Ne2 a5 15.
f3 Qb6+ 16. Kh1 Nd7 17. d4 Ba6 18. Re1 Bf6 19. Be3 Qc7 20. Rc1 Nb6 21. Nf4 Qd7
22. Qc2 Rac8 23. Qf2 Bg5 24. Nh5 Bxe3 25. Qg3 Bh6 26. Nf6+ Kh8 27. Nxd7 Nxd7 28.
Rcd1 1-0

[Event "Xtracon Chess Open 2017"]
[Site "Helsingor DEN"]
[Date "2017.07.29"]
[Round "9.141"]
[White "Sandberg, Martin"]
[Black "Sorensen, Viggo"]
[Result "0-1"]
[WhiteElo "1893"]
[BlackElo "1680"]
[WhiteFideId "1707159"]
[BlackFideId "1437410"]
[EventDate "2017.07.22"]

1. Nf3 Nf6 2. g3 c5 3. c4 Nc6 4. d4 cxd4 5. Nxd4 Qb6 6. Nc2 e5 7. Bg2 Bc5 8. O-O
O-O 9. Nc3 Be7 10. a3 d6 11. Ne3 Be6 12. Ned5 Qd8 13. b3 Rc8 14. Bb2 Bg4 15. f3
Bf5 16. e4 Bg6 17. f4 exf4 18. gxf4 Kh8 19. Nxf6 Bxf6 20. f5 Qa5 21. Rc1 Bg5 22.
fxg6 Bxc1 23. Qxc1 Qb6+ 24. Kh1 fxg6 25. b4 Ne5 26. Nd5 Qd8 27. c5 Nd3 28. Qc3
Nxb2 29. Qxb2 Rxf1+ 30. Bxf1 dxc5 31. b5 Qf8 32. Qe2 c4 33. Bh3 Re8 34. Nc7 Re7
35. Ne6 Qc8 36. Ng5 Qc5 37. Qd2 Qxb5 38. Qf2 Qe8 39. Be6 Rxe6 40. Nxe6 Qxe6 41.
Qd4 h6 42. Kg2 Qc6 43. Kf3 c3 44. Qe3 c2 45. Qc1 Qc3+ 46. Ke2 a5 47. h4 h5 0-1

[Event "Xtracon Chess Open 2017"]
[Site "Helsingor DEN"]
[Date "2017.07.29"]
[Round "9.143"]
[White "Nielsen, Carsten Juul"]
[Black "Nielsen, Peter"]
[Result "1-0"]
[WhiteElo "1886"]
[BlackElo "1694"]
[WhiteFideId "1402242"]
[BlackFideId "1707485"]
[EventDate "2017.07.22"]

1. d4 e6 2. c4 f5 3. Nc3 Nf6 4. g3 Be7 5. Bg2 O-O 6. Nh3 d6 7. O-O c6 8. Qb3 a5
9. Bf4 Ne4 10. Nxe4 fxe4 11. Rfd1 d5 12. f3 exf3 13. exf3 Nd7 14. Rd2 dxc4 15.
Qxc4 Nb6 16. Qe2 Nd5 17. Be5 Bd6 18. f4 Bxe5 19. fxe5 b5 20. Rc1 Qb6 21. Kh1 b4
22. Be4 Ba6 23. Qh5 Ra7 24. Bxh7+ 1-0

[Event "Xtracon Chess Open 2017"]
[Site "Helsingor DEN"]
[Date "2017.07.29"]
[Round "9.144"]
[White "Rasmussen, Jonas H"]
[Black "Sidali, Elias Hulleberg"]
[Result "1/2-1/2"]
[WhiteElo "1885"]
[BlackElo "1672"]
[WhiteFideId "1511637"]
[BlackFideId "1530518"]
[EventDate "2017.07.22"]

1. d4 Nf6 2. Nf3 e6 3. g3 b6 4. Bg2 Bb7 5. O-O c5 6. dxc5 Bxc5 7. c4 O-O 8. b3
Qe7 9. Bb2 Rd8 10. Nbd2 d5 11. cxd5 Bxd5 12. Qc2 Nbd7 13. e4 Bb7 14. Ng5 e5 15.
Nc4 h6 16. Nh3 Rac8 17. Qe2 Qe6 18. Kh1 Nxe4 19. Bxe4 Bxe4+ 20. Qxe4 Qxh3 21.
Nxe5 Nxe5 22. Qxe5 Bf8 23. Rfd1 Qg4 24. Rxd8 Rxd8 25. Re1 Rd2 26. Kg2 Bc5 27.
Rf1 f6 28. Qe8+ Kh7 29. Bc3 Rc2 30. Qe1 Qf5 31. b4 Bd6 32. a3 Qd3 33. Ba1 a5 34.
bxa5 bxa5 35. Qxa5 Bxa3 36. Bd4 Rc4 1/2-1/2

[Event "Xtracon Chess Open 2017"]
[Site "Helsingor DEN"]
[Date "2017.07.29"]
[Round "9.145"]
[White "Sather, Lars"]
[Black "Undheim, Bjarne"]
[Result "0-1"]
[WhiteElo "1661"]
[BlackElo "1882"]
[WhiteFideId "1501712"]
[BlackFideId "1506862"]
[EventDate "2017.07.22"]

1. e4 d5 2. exd5 Nf6 3. f4 Nxd5 4. d4 Bf5 5. Bd3 Qd7 6. Nf3 Nc6 7. a3 Bxd3 8.
Qxd3 O-O-O 9. O-O e6 10. b4 Nde7 11. b5 Nxd4 12. Ne5 Qe8 13. Rd1 f6 14. Ng4 Nxb5
15. Qxd8+ Qxd8 16. Rxd8+ Kxd8 17. Be3 Nf5 18. Bf2 h5 19. Ne3 Bc5 20. Nd1 Bxf2+
21. Nxf2 Nbd4 22. Nd3 Nxc2 23. Ra2 Ncd4 24. Rd2 Ke7 25. Rb2 b6 26. a4 Rd8 27.
Nb4 c5 28. Na2 Ne2+ 29. Kf1 Nxf4 30. g3 Rd1+ 31. Kf2 Nd3+ 0-1

[Event "Xtracon Chess Open 2017"]
[Site "Helsingor DEN"]
[Date "2017.07.29"]
[Round "9.146"]
[White "Andersen, Daniel"]
[Black "Vestergaard, Jorn"]
[Result "1-0"]
[WhiteTitle "FM"]
[WhiteElo "1856"]
[BlackElo "1661"]
[WhiteFideId "1402714"]
[BlackFideId "1419480"]
[EventDate "2017.07.22"]

1. c4 Nf6 2. Nc3 c6 3. e4 d5 4. exd5 cxd5 5. d4 e6 6. c5 a6 7. b4 Nc6 8. Rb1 Bd7
9. Nf3 g6 10. Bd3 Bg7 11. O-O O-O 12. h3 Be8 13. Bf4 Kh8 14. Bc2 Ra7 15. Re1 Nd7
16. Bg5 Bf6 17. Bxf6+ Qxf6 18. Qd2 Ra8 19. Nd1 Rd8 20. Ba4 Ndb8 21. b5 Na7 22.
Nc3 Qe7 23. bxa6 bxa6 24. Rb6 a5 25. Bxe8 Rfxe8 26. Reb1 Nbc6 27. Nb5 Nxb5 28.
R1xb5 Rb8 29. Rxb8 Rxb8 30. Rxb8+ Nxb8 31. Qxa5 Qb7 32. a4 Nc6 33. Qb6 Qxb6 34.
cxb6 Kg8 35. Nd2 Kf8 36. Nb3 Ke8 37. a5 Kd8 38. f4 Kc8 39. Kf2 h6 40. Ke3 Kb8
41. Kd2 Kb7 42. Nc5+ Kb8 43. a6 Nxd4 44. Nd7+ Ka8 45. b7+ 1-0

[Event "Xtracon Chess Open 2017"]
[Site "Helsingor DEN"]
[Date "2017.07.29"]
[Round "9.147"]
[White "Trost, Martin"]
[Black "Ski, Alexander K."]
[Result "1-0"]
[WhiteElo "1844"]
[BlackElo "1658"]
[WhiteFideId "1710737"]
[BlackFideId "1521659"]
[EventDate "2017.07.22"]

1. d4 d5 2. Nf3 Nf6 3. e3 e6 4. Bd3 c5 5. b3 Nc6 6. Nbd2 Be7 7. O-O O-O 8. Bb2
Bd7 9. a3 cxd4 10. exd4 Rc8 11. Ne5 Bd6 12. f4 Qb6 13. Ndf3 Bxe5 14. fxe5 Ng4
15. Bxh7+ Kh8 16. Ng5 Ncxe5 17. Kh1 f6 18. dxe5 fxg5 19. Qxg4 Kxh7 20. Qxg5 Bb5
21. Qh4+ Kg8 22. Bd4 Rxf1+ 23. Rxf1 Qc6 24. Rf2 Bd3 25. c3 Qb5 26. Qe7 Bf5 27.
Rxf5 exf5 28. Qe6+ Kh7 29. Qxf5+ g6 30. Qxc8 Qxb3 31. Qh3+ Kg7 32. Qd7+ Kg8 33.
Qe8+ Kh7 34. Qf7+ Kh6 35. Be3+ g5 36. Qf6+ Kh7 37. Qf7+ Kh6 38. Qf8+ Kh7 39.
Qf7+ Kh6 40. Qf6+ Kh7 41. e6 d4 42. Bxd4 1-0

[Event "Xtracon Chess Open 2017"]
[Site "Helsingor DEN"]
[Date "2017.07.29"]
[Round "9.148"]
[White "Rasmussen, Morten1"]
[Black "Warston, Hakan"]
[Result "1-0"]
[WhiteElo "1838"]
[BlackElo "1623"]
[WhiteFideId "1410865"]
[BlackFideId "1717367"]
[EventDate "2017.07.22"]

1. d4 d5 2. Nf3 Nf6 3. e3 e6 4. Bd3 Be7 5. c3 O-O 6. O-O Nbd7 7. Nbd2 c5 8. Qe2
b6 9. e4 dxe4 10. Nxe4 Bb7 11. Nxf6+ Nxf6 12. dxc5 Bxc5 13. Bf4 Bd6 14. Bg3 Qc7
15. Rad1 Rfd8 16. Rfe1 Bxg3 17. hxg3 Rd6 18. Nd4 a6 19. Nf3 Qc6 20. Bc4 Nd5 21.
Ne5 Nxc3 22. Qf1 Qxg2+ 23. Qxg2 Rxd1 24. Qxb7 Rxe1+ 25. Kg2 Rd8 26. Qxf7+ Kh8
27. Qxe6 1-0

[Event "Xtracon Chess Open 2017"]
[Site "Helsingor DEN"]
[Date "2017.07.29"]
[Round "9.149"]
[White "Langvik, Ulrikke"]
[Black "Pankaj, Sindhu"]
[Result "0-1"]
[WhiteElo "1640"]
[BlackElo "1837"]
[WhiteFideId "1517910"]
[BlackFideId "46680357"]
[EventDate "2017.07.22"]

1. d4 d5 2. c4 e6 3. Nc3 Nf6 4. cxd5 Nxd5 5. e4 Nxc3 6. bxc3 c5 7. Nf3 cxd4 8.
cxd4 Bb4+ 9. Bd2 Bxd2+ 10. Qxd2 O-O 11. Bc4 Nd7 12. O-O b6 13. Rfe1 Bb7 14. Rad1
Nf6 15. d5 Qc7 16. Rc1 Rad8 17. e5 Nxd5 18. Bd3 Qe7 19. Rc4 h6 20. Rg4 Kh8 21.
Rh4 Kg8 22. Rg4 f5 23. Qxh6 Nf4 24. Bb1 fxg4 25. Bh7+ Kh8 26. Qh4 Qxh4 27. Nxh4
Kxh7 0-1

[Event "Xtracon Chess Open 2017"]
[Site "Helsingor DEN"]
[Date "2017.07.29"]
[Round "9.150"]
[White "Kyrkjebo, Marte B."]
[Black "Matsumura, Cocoro"]
[Result "1-0"]
[WhiteElo "1833"]
[BlackElo "1621"]
[WhiteFideId "1511602"]
[BlackFideId "36087114"]
[EventDate "2017.07.22"]

1. e4 c5 2. Nf3 a6 3. c3 d5 4. d3 dxe4 5. dxe4 Qxd1+ 6. Kxd1 g6 7. Be3 Nd7 8.
Nbd2 Ngf6 9. h3 b6 10. Bd3 Bb7 11. Ke2 Bg7 12. Rhd1 O-O 13. Rac1 Rfd8 14. b4
Rac8 15. a3 Ne8 16. a4 Nd6 17. Bb1 Kf8 18. Bf4 cxb4 19. cxb4 e5 20. Be3 b5 21.
axb5 Nxb5 22. Nc4 Ke7 23. Rxd7+ Rxd7 24. Bc5+ Rxc5 25. bxc5 Rc7 26. Ncxe5 Bxe5
27. Nxe5 Ke6 28. Nf3 f6 29. Ba2+ Kd7 30. Bd5 Bc6 31. Kd3 f5 32. Ne5+ Ke7 33.
Nxc6+ Kd7 34. Na5 fxe4+ 35. Bxe4 Nd6 36. c6+ Kd8 37. Nb7+ Ke7 38. Nxd6 Kxd6 39.
Rb1 Rc8 40. Rb7 h6 41. Ra7 g5 42. Rxa6 Kc7 43. Ra7+ Kb6 44. Rb7+ Kc5 45. c7 Kd6
46. Bf5 Rxc7 47. Rxc7 Kxc7 48. Ke4 Kd6 49. Bg4 Ke7 50. Kf5 Kf7 51. Bh5+ Kg7 52.
Ke6 Kg8 53. Kf6 Kh7 54. Kf7 g4 55. hxg4 Kh8 56. Kg6 Kg8 57. Kxh6 Kh8 58. g5 Kg8
59. g6 Kh8 60. g7+ Kg8 61. Bf7+ Kxf7 62. Kh7 Kf6 63. g8=Q Ke5 64. Qf8 Ke6 65. g4
Ke5 66. g5 Ke6 67. g6 Ke5 68. g7 Ke4 69. g8=Q Kd4 70. Qe6 Kc3 71. Qd8 Kb4 1-0

[Event "Xtracon Chess Open 2017"]
[Site "Helsingor DEN"]
[Date "2017.07.29"]
[Round "9.151"]
[White "Dishman, Matthew"]
[Black "Maselli, David"]
[Result "1-0"]
[WhiteElo "1824"]
[BlackElo "1568"]
[WhiteFideId "438642"]
[BlackFideId "2814159"]
[EventDate "2017.07.22"]

1. e4 g6 2. d4 Bg7 3. Nf3 d6 4. Nc3 Nf6 5. Be3 O-O 6. Qd2 Re8 7. O-O-O Nc6 8. h3
a6 9. Bd3 b5 10. Bh6 Bh8 11. e5 dxe5 12. dxe5 Nh5 13. g4 Ng7 14. Qe3 Bd7 15. Be4
Qc8 16. Ng5 Rb8 17. Rxd7 Qxd7 18. Rd1 Qc8 19. Bxc6 Rd8 20. Nd5 Re8 21. Bxe8 Qxe8
22. e6 fxe6 23. Bxg7 exd5 24. Bxh8 Kxh8 25. Qe5+ Kg8 26. Qxd5+ Kg7 27. Ne6+ 1-0

[Event "Xtracon Chess Open 2017"]
[Site "Helsingor DEN"]
[Date "2017.07.29"]
[Round "9.152"]
[White "Kvaloy, Aksel Bu"]
[Black "Hestholm, Sverre"]
[Result "1-0"]
[WhiteElo "1818"]
[BlackElo "1531"]
[WhiteFideId "1528815"]
[BlackFideId "1529161"]
[EventDate "2017.07.22"]

1. e4 e5 2. Nf3 Nf6 3. Nxe5 d6 4. Nf3 Nxe4 5. d4 d5 6. Bd3 Bd6 7. O-O Bg4 8. Re1
f5 9. c4 O-O 10. c5 Be7 11. h3 Bh5 12. Nc3 Nc6 13. Qa4 Bxf3 14. gxf3 Nxf2 15.
Kxf2 Bh4+ 16. Kf1 Bxe1 17. Kxe1 Qh4+ 18. Kd2 Qf2+ 19. Ne2 Rfe8 20. Qb3 Rxe2+ 21.
Bxe2 Re8 22. Qxd5+ Kh8 23. Kc3 Rxe2 24. b4 Rc2+ 25. Kb3 Nxd4+ 26. Ka4 Nc6 27.
Qf7 Ne7 28. Bg5 Ng8 29. a3 b6 30. Rd1 Rc3 31. Rd8 Qc2+ 32. Kb5 Rxc5+ 33. bxc5
Qxc5+ 34. Ka6 Qxa3+ 35. Kb7 Qxf3+ 36. Kb8 c6 37. Rxg8# 1-0

[Event "Xtracon Chess Open 2017"]
[Site "Helsingor DEN"]
[Date "2017.07.29"]
[Round "9.153"]
[White "Narheim, Mats"]
[Black "Calderon, Paul"]
[Result "0-1"]
[WhiteElo "1519"]
[BlackElo "1814"]
[WhiteFideId "1518607"]
[BlackFideId "2082160"]
[EventDate "2017.07.22"]

1. e4 c5 2. Nc3 a6 3. Nge2 Nc6 4. g3 e6 5. Bg2 Nge7 6. d3 d5 7. exd5 Nxd5 8. O-O
Be7 9. Bf4 O-O 10. a3 Bf6 11. Qd2 Nd4 12. Rab1 Nxe2+ 13. Nxe2 Nxf4 14. Qxf4 Ra7
15. Rfd1 b5 16. d4 cxd4 17. c3 e5 18. Qc1 Bf5 19. cxd4 Rc7 20. Qe3 Bxb1 21. Rxb1
exd4 22. Qd3 Re8 23. Be4 g6 24. h4 Rce7 25. f3 Qd6 26. h5 Be5 27. hxg6 hxg6 28.
Kg2 f5 29. Qb3+ Kg7 30. Bd3 Bf6 31. Qc2 Re3 32. Rh1 Qd5 33. Qc7+ R8e7 34. Qf4
Rxd3 35. Qh6+ Kf7 36. Qh7+ Bg7 0-1

[Event "Xtracon Chess Open 2017"]
[Site "Helsingor DEN"]
[Date "2017.07.29"]
[Round "9.154"]
[White "Nielsen, Kai Gylling"]
[Black "Kreken, Eivind Grunt"]
[Result "0-1"]
[WhiteElo "1808"]
[BlackElo "1412"]
[WhiteFideId "1406400"]
[BlackFideId "1532359"]
[EventDate "2017.07.22"]

1. e4 e6 2. d4 d5 3. Nc3 Bb4 4. Bd3 Nf6 5. e5 Nfd7 6. a3 Bf8 7. Nce2 b6 8. Nf3
Ba6 9. O-O c5 10. c3 Bxd3 11. Qxd3 c4 12. Qc2 Nc6 13. Bf4 Be7 14. Rfb1 Na5 15.
Nd2 Rc8 16. h3 f6 17. exf6 Bxf6 18. Bg3 e5 19. dxe5 Nxe5 20. Nf4 Rc6 21. Rd1 g5
22. Nh5 O-O 23. Bxe5 Bxe5 24. Ne4 Nb3 25. Rab1 Rh6 26. Neg3 Nc5 27. Qe2 Bxg3 28.
Nxg3 Nd3 29. Rf1 Rhf6 30. f3 Qd6 31. Nh5 Rh6 32. g4 Re6 33. Qd2 h6 34. Qh2 Qc5+
35. Kh1 Rfe8 36. Ng3 Nf4 37. h4 Ne2 38. hxg5 Nxg3+ 39. Qxg3 hxg5 40. Rbe1 Qe7
41. Rxe6 Qxe6 42. Kg2 Kg7 43. Qf2 Qe2 44. Qxe2 Rxe2+ 45. Rf2 Rxf2+ 46. Kxf2 Kf6
47. Ke3 Ke5 48. f4+ gxf4+ 49. Kf3 a6 50. g5 Kf5 51. g6 Kxg6 52. Kxf4 Kf6 53. a4
a5 54. Kf3 Kf5 55. Ke3 Ke5 56. Kd2 Kd6 57. Ke2 Kc5 58. Ke3 b5 59. axb5 Kxb5 60.
Kd4 Ka4 0-1

[Event "Xtracon Chess Open 2017"]
[Site "Helsingor DEN"]
[Date "2017.07.29"]
[Round "9.155"]
[White "Jacobsen, Fredrik Beer"]
[Black "Leonhardsen, Vebjorn Maanum"]
[Result "1-0"]
[WhiteElo "2081"]
[BlackElo "1443"]
[WhiteFideId "1507044"]
[BlackFideId "1539515"]
[EventDate "2017.07.22"]

1. d4 d5 2. Bf4 Nf6 3. e3 e6 4. Nd2 Bd6 5. Bg3 O-O 6. Bd3 Be7 7. Ngf3 b6 8. Ne5
Bb7 9. Qf3 Nbd7 10. c3 c5 11. Bf4 Rc8 12. Qh3 c4 13. Bc2 g6 14. Ndf3 Ne4 15. Bh6
Re8 16. O-O a6 17. a3 Nxe5 18. Nxe5 Bg5 19. Bxe4 Bxh6 20. Qxh6 dxe4 21. Nxf7 Qe7
22. Ne5 Bd5 23. f4 Qg7 24. Qh3 Rf8 25. Rf2 Rc7 26. Raf1 Qe7 27. g4 a5 28. Kh1
Rf6 29. f5 exf5 30. gxf5 Qg7 31. fxg6 Rxf2 32. gxh7+ Kh8 33. Rxf2 Bf7 34. Rg2
Qxh7 35. Nxf7+ Rxf7 36. Qc8+ 1-0

[Event "Xtracon Chess Open 2017"]
[Site "Helsingor DEN"]
[Date "2017.07.29"]
[Round "9.156"]
[White "Gottschalck, Christian"]
[Black "Schmied, Andreas"]
[Result "1/2-1/2"]
[WhiteElo "1705"]
[BlackElo "2010"]
[WhiteFideId "1428357"]
[BlackFideId "4625897"]
[EventDate "2017.07.22"]

1. e4 e5 2. Nc3 Nf6 3. Bc4 Nxe4 4. Nxe4 d5 5. Bd3 dxe4 6. Bxe4 Nc6 7. Bxc6+ bxc6
8. d3 Bd6 9. Ne2 O-O 10. O-O Bg4 11. f3 Bh5 12. Ng3 Bg6 13. f4 f5 14. Qe1 Re8
15. Qc3 Qd7 16. Bd2 Re7 17. Rae1 Rae8 18. Qc4+ Bf7 19. Qa4 g6 20. Kh1 Bc5 21.
fxe5 Rxe5 22. Rxe5 Rxe5 23. Bc3 1/2-1/2

[Event "Xtracon Chess Open 2017"]
[Site "Helsingor DEN"]
[Date "2017.07.29"]
[Round "9.157"]
[White "Bering, Anders"]
[Black "Gardarsson, Hordur"]
[Result "1-0"]
[WhiteElo "1940"]
[BlackElo "1710"]
[WhiteFideId "1405810"]
[BlackFideId "2303604"]
[EventDate "2017.07.22"]

1. e4 e5 2. Nf3 Nc6 3. Bb5 a6 4. Ba4 Nf6 5. O-O b5 6. Bb3 Nxe4 7. Bd5 Nf6 8.
Bxc6 dxc6 9. Nxe5 Bd7 10. Qf3 Bd6 11. Nxc6 Bxc6 12. Qxc6+ Kf8 13. Qf3 Rb8 14. d3
Nd5 15. g3 Ne7 16. Nc3 Ng6 17. Ne4 Be7 18. Bf4 Rb6 19. h4 h6 20. h5 Nxf4 21.
Qxf4 Kg8 22. Rae1 Bf6 23. Nxf6+ Rxf6 24. Qe5 Re6 25. Qc5 Qd6 26. Qxd6 Rxd6 27.
Re7 Rc6 28. c3 Re6 29. Re1 Rxe1+ 30. Rxe1 Kf8 31. Re5 1-0

[Event "Xtracon Chess Open 2017"]
[Site "Helsingor DEN"]
[Date "2017.07.29"]
[Round "9.158"]
[White "Lunde, Sigmund"]
[Black "Lindgaard, Tobias Simon"]
[Result "1-0"]
[WhiteElo "1932"]
[BlackElo "1705"]
[WhiteFideId "1511351"]
[BlackFideId "1419820"]
[EventDate "2017.07.22"]

1. Nf3 Nf6 2. c4 c5 3. Nc3 Nc6 4. b3 e6 5. Bb2 a6 6. e3 Be7 7. Be2 O-O 8. O-O d6
9. d4 d5 10. Ne5 Qc7 11. Kh1 Rd8 12. Nxc6 bxc6 13. cxd5 cxd5 14. Rc1 Qb8 15. Ba3
Qa7 16. dxc5 Qc7 17. Nb1 e5 18. Qc2 Qc6 19. f3 d4 20. Rfd1 Nd5 21. Qe4 f5 22.
Qxe5 Bf6 23. Qg3 Nxe3 24. Rd2 Bb7 25. Bb2 Rd7 26. Na3 Rad8 27. Bd3 Qe6 28. Nc4
Kh8 29. Nd6 Be5 30. Qh4 Bxd6 31. c6 Rc7 32. Qxd8+ 1-0

[Event "Xtracon Chess Open 2017"]
[Site "Helsingor DEN"]
[Date "2017.07.29"]
[Round "9.159"]
[White "Westerlund, Ola"]
[Black "Gutierrez Bolado, Juan Antonio"]
[Result "1-0"]
[WhiteElo "1910"]
[BlackElo "1696"]
[WhiteFideId "1712101"]
[BlackFideId "2298708"]
[EventDate "2017.07.22"]

1. d4 d5 2. c4 c6 3. Nf3 Nf6 4. Nbd2 Bf5 5. Nh4 Be6 6. e3 Nbd7 7. Bd3 dxc4 8.
Nxc4 Nb6 9. b3 g6 10. O-O Bg7 11. Ba3 O-O 12. Qe2 Bg4 13. f3 Be6 14. Rac1 Nfd5
15. Kh1 Re8 16. f4 f5 17. Nf3 Bf7 18. Nfe5 e6 19. Nxf7 Kxf7 20. Nd6+ Kg8 21.
Nxe8 Qxe8 22. Bd6 Nf6 23. Be5 Nbd7 24. b4 Nxe5 25. fxe5 Nd5 26. b5 cxb5 27. Bxb5
Qe7 28. Bc4 Nb6 29. Bb3 Rd8 30. Rc3 h5 31. Rfc1 Rd7 32. a4 a5 33. Qb5 Nd5 34.
Bxd5 Rxd5 35. Rc5 Qg5 36. Rxd5 exd5 37. Qxd5+ Kh7 38. Qf3 Qe7 39. Rb1 Qa3 40.
Qxb7 Qxa4 41. e6 f4 42. e7 Qe8 43. Qe4 a4 44. exf4 a3 45. Ra1 Bxd4 46. Qxd4 Qxe7
47. Qc3 Qe4 48. Qxa3 Qxf4 49. Qe7+ Kh6 50. Re1 Qf2 51. Qe3+ 1-0

[Event "Xtracon Chess Open 2017"]
[Site "Helsingor DEN"]
[Date "2017.07.29"]
[Round "9.160"]
[White "Sondergaard, Lars"]
[Black "Bex, Lennert"]
[Result "0-1"]
[WhiteElo "1686"]
[BlackElo "1900"]
[WhiteFideId "1406973"]
[BlackFideId "232254"]
[EventDate "2017.07.22"]

1. c4 d6 2. Nc3 e5 3. Nf3 Nc6 4. e4 g6 5. d3 Bg7 6. Be2 Nf6 7. h3 Nh5 8. Be3 Nf4
9. Qd2 Nxg2+ 10. Kd1 Nxe3+ 11. fxe3 Bh6 0-1

[Event "Xtracon Chess Open 2017"]
[Site "Helsingor DEN"]
[Date "2017.07.29"]
[Round "9.161"]
[White "Larsen, Mette Dalsgaard"]
[Black "Stam, Bart"]
[Result "1/2-1/2"]
[WhiteElo "1679"]
[BlackElo "1854"]
[WhiteFideId "1430718"]
[BlackFideId "1006240"]
[EventDate "2017.07.22"]

1. d4 Nf6 2. c4 e6 3. Nf3 Bb4+ 4. Bd2 a5 5. a3 Be7 6. Qc2 d5 7. e3 O-O 8. Bd3 b6
9. cxd5 exd5 10. O-O Bb7 11. Bc3 Ne4 12. Nbd2 f5 13. Ne5 Nd7 14. f3 Nxe5 15.
dxe5 Nxd2 1/2-1/2

[Event "Xtracon Chess Open 2017"]
[Site "Helsingor DEN"]
[Date "2017.07.29"]
[Round "9.162"]
[White "Madsen, Dennis"]
[Black "Satre, Roger"]
[Result "0-1"]
[WhiteElo "1671"]
[BlackElo "1832"]
[WhiteFideId "1425919"]
[BlackFideId "1510320"]
[EventDate "2017.07.22"]

1. d4 d5 2. e4 dxe4 3. Nc3 Nf6 4. f3 exf3 5. Qxf3 Qxd4 6. Be3 Qe5 7. h3 c6 8.
O-O-O Nbd7 9. Bc4 e6 10. Nge2 Nd5 11. Nxd5 cxd5 12. Bd3 Qf6 13. Qg3 Nc5 14. Bb5+
Bd7 15. Bxd7+ Kxd7 16. Nc3 Bd6 17. Qg4 Kc6 18. Rhf1 Qg6 19. Qd4 b6 20. Nxd5 Kb7
21. Nxb6 axb6 22. Qxd6 Rac8 23. b4 Nb3+ 24. Kb2 Qxc2+ 0-1

[Event "Xtracon Chess Open 2017"]
[Site "Helsingor DEN"]
[Date "2017.07.29"]
[Round "9.163"]
[White "Haugaard, Thomas"]
[Black "Dahl, Max"]
[Result "1/2-1/2"]
[WhiteElo "1797"]
[BlackElo "1660"]
[WhiteFideId "1414330"]
[BlackFideId "1526626"]
[EventDate "2017.07.22"]

1. d4 Nf6 2. c4 e6 3. Nf3 d5 4. Nc3 c6 5. e3 Nbd7 6. Qc2 Bd6 7. b3 O-O 8. Bb2
Re8 9. Bd3 dxc4 10. bxc4 e5 11. O-O h6 12. Rfe1 Bb4 13. dxe5 Ng4 14. Red1 Qc7
15. h3 Ngxe5 16. Nxe5 Nxe5 17. Bh7+ Kh8 18. Ne4 f5 19. f4 Kxh7 20. Bxe5 Rxe5 21.
fxe5 1/2-1/2

[Event "Xtracon Chess Open 2017"]
[Site "Helsingor DEN"]
[Date "2017.07.29"]
[Round "9.164"]
[White "Wiberg, Jonas"]
[Black "Bratteteig, Tore-Inge"]
[Result "1/2-1/2"]
[WhiteElo "1773"]
[BlackElo "1637"]
[WhiteFideId "1720090"]
[BlackFideId "1510711"]
[EventDate "2017.07.22"]

1. d4 Nf6 2. Nf3 d5 3. Bf4 Bf5 4. e3 e6 5. Nbd2 c5 6. c3 Nc6 7. Be2 c4 8. O-O b5
9. Nh4 Bg6 10. Nxg6 hxg6 11. Nf3 Ne4 12. h3 f6 13. Nd2 Nxd2 14. Qxd2 g5 15. Bg3
Bd6 16. Bxd6 Qxd6 17. f4 gxf4 18. exf4 f5 19. Qe3 Kd7 20. Qg3 Rag8 21. Qf2 g5
22. fxg5 Rxg5 23. h4 Rg3 24. Qf4 Rhg8 25. Qxd6+ Kxd6 26. Rf2 Nd8 27. Kh2 Nf7 28.
Rg1 Nh6 29. Rf4 e5 30. dxe5+ Kxe5 31. Rd4 f4 32. Bf3 Ng4+ 33. Kh1 Nf2+ 34. Kh2
Ng4+ 35. Kh1 Nf2+ 1/2-1/2

[Event "Xtracon Chess Open 2017"]
[Site "Helsingor DEN"]
[Date "2017.07.29"]
[Round "9.165"]
[White "Rasmussen, Henning2"]
[Black "Wallin, Kenneth"]
[Result "1/2-1/2"]
[WhiteElo "1770"]
[BlackElo "1633"]
[WhiteFideId "1410962"]
[BlackFideId "1712861"]
[EventDate "2017.07.22"]

1. f4 c5 2. Nf3 d5 3. g3 Nc6 4. Bg2 Nf6 5. d3 g6 6. O-O Bg7 7. Nc3 d4 8. Ne4 Nd7
9. c3 f5 10. Neg5 Nf6 11. cxd4 Qb6 12. dxc5 Qxc5+ 13. d4 Qb5 14. Ne5 O-O 15. e3
e6 16. Qd3 Qxd3 17. Nxd3 Ne7 18. Nc5 Ned5 19. h3 Bh8 20. Bd2 b6 21. Nb3 h6 22.
Bxd5 Nxd5 23. Nf3 Ba6 24. Rfc1 Rfc8 25. Rxc8+ Rxc8 26. Rc1 Rxc1+ 27. Nxc1 Bb5
28. Ne5 Be8 29. Ncd3 Bf6 30. Nf2 Be7 31. a3 Kg7 32. e4 Nf6 33. exf5 gxf5 34. Bc3
Nd5 35. Bd2 Kh7 36. Nd1 Kg7 37. Nc3 Nf6 38. Be3 Kh7 39. Kf2 Kg7 40. g4 fxg4 41.
hxg4 Bd6 42. Kg3 Kh7 1/2-1/2